00779cam a2200229 4500001000500000005001700005040002300022050001900045082001400064100002000078245004100098260003700139300004100176505000800217520016300225521002000388521002000408650002700428650002200455655003900477700003300516127420241121120334.0 aDLCcDLCdDLCbeng00aPZ7.C5792bRam00a[Fic]2191 aCleary, Beverly10aRamona the pest /cby Beverly Cleary aNew York :bW. Morrow ;c1968 .  a192 pages :bIllustrations ;c20 cm. aU  aRamona meets lots of interesting people in kindergarten class, like Davy whom she keeps trying to kiss and Susan whose springy curls seem to ask to be pulled. a850 bLexile  aU bRaz-Plus  1aKindergartenvFiction. 1aSchoolsvFiction. 7aJuvenile literaturey1968.2rbgenr1 aDarling, LouiseIllustrator.